Vesre - Estadísticas

Estadísticas generales
  • Esta prueba ha sido intentada 25 veces
  • La puntuación promedio es 47 de 78
Estadísticas de respuestas
Español Vesre % Correcto
Pibe Bepi
90%
Leche Chele
85%
Mujer Jermu
85%
Calle Lleca
85%
Chabón Boncha
80%
Libro Broli
80%
Chancho Chochán
80%
Café Feca
80%
Tango Gotán
80%
Negro Grone
80%
Cajón Jonca
80%
Jamón Monja
80%
Baño Ñoba
80%
Perro Rope
80%
Peso Sope
80%
Doctor Tordo
80%
Gordo Dogor
75%
Madre Drema
75%
Pagar Garpar
75%
Viejo Jovie
75%
Piña Ñapi
75%
Caño Ñoca
75%
Chino Nochi
75%
Tinto Totín
75%
Panza Zapán
75%
Pizza Zapi
75%
Pedazo Zodape
75%
Parado Dorapa
70%
Marido Dorima
70%
Cagón Gonca
70%
Calor Lorca
70%
Plomo Moplo
70%
Chorro Rocho
70%
Preso Sopre
70%
Guita Tagui
70%
Puerta Tapuer
70%
Centro Trocen
70%
Caballo Yobaca
70%
Abajo Ajoba
65%
Fondo Dofón
65%
Pelado Dolape
65%
Camión Mionca
65%
Señor Ñorse
65%
Permiso Sopermi
65%
Hotel (alojamiento) Telo
65%
Muerto Tomuer
65%
Cagar Garcar
60%
Carajo Joraca
60%
Barrio Rioba
60%
Pantalón Talompa
60%
Afuera Arafue
55%
Bombacha Chabomba
55%
Boliche Cheboli
55%
Turco (o de cualquier lugar de Medio Oriente) Cotur
55%
Japonés Ponja
55%
Pieza Zapie
55%
Adentro Atroden
50%
Quilombo Bolonqui
50%
Boludo Dolobu
50%
Pelota Talope
50%
Sorete Tereso
50%
Maestro Troesma
50%
Muchacho Chochamu
45%
Gente Tegen
45%
Botín (calzado) Timbo
45%
Borracho Choborra
40%
Pendejo Jopende
40%
Uruguayo Yorugua
35%
Sandwich Chegusán
30%
Canchero Cheronca
30%
Perlitas (testículos) Tarlipes
25%
Payaso Yosapa
25%
Pasarse Zarparse
25%
Abanico (guardiacárcel) Cobani
20%
Calefón Lefonca
20%
Loco Colifa
15%
Batidor (soplón) Ortiba
10%
Departamento Derpa
5%
No se encontraron pruebas coincidentes
Distribución de puntuación
Porcentaje de gente con cada puntuación
Porcentaje por número respondido
Historial de tus puntuaciones
No has intentado esta prueba.